| 000 | 01077nam a2200301 i 4500 | ||
|---|---|---|---|
| 001 | bg | ||
| 003 | BPK | ||
| 005 | 20220927121429.0 | ||
| 008 | 080220s2008 pl |001 0 pol | ||
| 015 | _aPB 2008/5129 | ||
| 020 | _a9788374837415 | ||
| 040 |
_aWA N _cBPK |
||
| 080 | _a347.91/.95(438) | ||
| 080 | _a(094.4.072) | ||
| 100 | 1 |
_aZieliński, Andrzej _d(1939-2018) _eKomentarz |
|
| 245 | 1 | 0 |
_aKodeks postępowania cywilnego : _bkomentarz / _cred. Andrzej Zieliński ; aut. Andrzej Zieliński, Kinga Flaga-Gieruszyńska. |
| 250 | _a3. wyd. | ||
| 260 |
_aWarszawa : _bWydawnictwo C. H. Beck, _c2008. |
||
| 300 |
_aXXVI, 1716 s. ; _c25 cm. |
||
| 490 | 1 | _aKomentarze Kodeksowe. | |
| 504 | _aBibliogr. przy działach. Indeks. | ||
| 650 | 4 |
_aPostępowanie cywilne _zPolska. |
|
| 700 | 1 |
_aFlaga-Gieruszyńska, Kinga _d(1973- ). |
|
| 710 | 2 |
_aWydawnictwo C.H. Beck. _4pbl. |
|
| 856 |
_uhttp://koha.tu.koszalin.pl/cgi-bin/koha/opac-detail.pl?biblionumber=54680 _yKatalog online BPK |
||
| 830 | 0 | _aKomentarze Kodeksowe | |
| 942 |
_2UKD _cKS |
||
| 999 |
_c54680 _d54680 |
||